000 00583nam a2200205Ia 4500
005 20250508161620.0
008 008 250505s9999 xx 000 0 eng d
037 _aTextual
040 _aFEDL
_beng
_cFEDL
041 _aeng
_2eng
084 _a150, MOS
_qFEDL
100 _aMoskowitz Merle J
245 0 _aGeneral psychology: A core text in human behavior
260 _aBoston, USA
_bHoughton Mifflin Company
_c1969
300 _ax,450p.
650 _aPsychology
700 _a Orgel Arthur R
_9771060
942 _cTEXL
_h150, MOS
999 _c1371138
_d1371138